00392nam a2200133Ia 4500008004100000082001700041100001600058245002200074260001800096600002000114942000700134952010000141999001700241241002s9999 xx 000 0 und d a361.3208 GAN aGandhi, M.K 4aThe Art of Living aBombay:c1961 aSocial Sciences cUC 00104070aUITUbUITUd1994-01-01l0o361.3208 GANpUC369r2024-10-02 09:31:19w2024-10-02yUC c18696d18696